000 00843nam a22002297a 4500
999 _c64819
_d64819
005 20240530110753.0
008 181217s2018 ua f 000 0 ara d
017 _a2017/27785
_bمصر. دار الكتب
020 _a9789777950091
040 _aEG-CaGPL
_cEG-CaGPL
082 0 4 _221
_a320.962 /
_bق/أ هـ
100 0 _aاحمد المسلمانى
245 1 2 _aالهندسة السياسية :
_bمصر ما كان وما يجب ان تكون ؟ /
_cاحمد المسلمانى
250 _aط.1
260 _aالقاهرة :
_bالدار المصرية اللبنانية ،
_c2018.
300 _a334 ص. ؛
_c19 سم.
650 _2qrmak
651 0 7 _2qrmak
_aمصر
_xالاحوال السياسية
651 0 7 _2qrmak
_aمصر
_xالوضع السياسى
942 _2ddc
_cBK